Matematické vzorce /

Gespeichert in:
Bibliographische Detailangaben
1. Verfasser: Bartsch, Hans-Jochen (Verfasst von)
Format: Buch
Sprache:Tschechisch
Veröffentlicht: Praha, 1996
Ausgabe:3.vyd.
Tags: Tag hinzufügen
Keine Tags, Fügen Sie das erste Tag hinzu!

MARC

LEADER 00000nam a22000003a 4500
001 stu32905
005 20150617225732.9
008 961119s1996----xr------------------cze-d
020 |a 80-204-0607-7 
040 |a STU  |b slo 
041 0 |a cze 
044 |a xr 
080 |a 51  |7 stu_us_auth*stu8333 
100 1 |a Bartsch, Hans-Jochen  |4 aut 
245 1 |a Matematické vzorce /  |c [aut.] Bartsch,Hans-Jochen 
250 |a 3.vyd. 
260 |a Praha,  |c 1996 
300 |a 831 s 
996 |b 284J033003  |c J*92639  |l JJK1  |s P  |a 0  |w stu32905_0001 
996 |b J92654  |c J*92654  |l JJK2  |s P  |a 0  |w stu32905_0002 
996 |b J92711  |c J*92711  |l JJK10  |s P  |a 0  |w stu32905_0003 
996 |b 284J016298  |c J*92716  |l JJSK  |s A  |a 24  |w stu32905_0004 
996 |b J92741  |c J*92741  |l JJST  |s P  |a 0  |w stu32905_0005 
996 |b J92742  |c J*92742  |l JJSK  |s A  |a 24  |w stu32905_0006